Business data processing / (Record no. 61761)

MARC details
000 -LEADER
fixed length control field 00602nam a22001817a 4500
005 - DATE AND TIME OF LATEST TRANSACTION
control field 20120201145114.0
008 - FIXED-LENGTH DATA ELEMENTS--GENERAL INFORMATION
fixed length control field 120201t xxu||||| |||| 00| 0 eng d
020 ## - INTERNATIONAL STANDARD BOOK NUMBER
Terms of availability 00.00
035 ## - SYSTEM CONTROL NUMBER
System control number B-84031
040 ## - CATALOGING SOURCE
Original cataloging agency DPL
Language of cataloging ENG
100 ## - MAIN ENTRY--PERSONAL NAME
Personal name Mohan, P.
9 (RLIN) 40538
245 ## - TITLE STATEMENT
Title Business data processing /
Statement of responsibility, etc by P. Mohan
250 ## - EDITION STATEMENT
Edition statement 1st ed.
260 ## - PUBLICATION, DISTRIBUTION, ETC. (IMPRINT)
Place of publication, distribution, etc Mumbai
Name of publisher, distributor, etc Himalaya Publishing House
Date of publication, distribution, etc 2003
300 ## - PHYSICAL DESCRIPTION
Extent ix, 227p.
Dimensions 18 cms.
942 ## - ADDED ENTRY ELEMENTS (KOHA)
Source of classification or shelving scheme Dewey Decimal Classification
Item type English Books
Classification part 004
Call number suffix MOH
Holdings
Withdrawn status Lost status Source of classification or shelving scheme Damaged status Not for loan Collection code Home library Current library Shelving location Date acquired Cost, normal purchase price Total Checkouts Full call number Barcode Date last seen Cost, replacement price Koha item type
    Dewey Decimal Classification     Non-fiction Sarojini Nagar Sarojini Nagar General Stacks 01/02/2012 0.00   004 MOH B-84031 01/02/2012 0.00 English Books

© Delhi Public Library
Hit Counter
free hit counter